| 000 | 01225nam a22003377a 4500 | ||
|---|---|---|---|
| 003 | CHAP | ||
| 005 | 20220329132927.0 | ||
| 008 | 971013s1989 r 00010 d | ||
| 010 | _a343 | ||
| 011 | _a1315 | ||
| 035 | _a491 | ||
| 040 | _cCHAP | ||
| 090 | _aTesis | ||
| 100 | 0 | 0 |
_aZamorano Mendoza, José Juan. _9123546 |
| 245 | _aVitrificación en brotes de nube (Gypsophila paniculata L.) cv. perfecta en el proceso de micropropagación | ||
| 260 |
_aPuebla, Pue. : _bUniversidad Popular Autónoma del estado de Puebla. Escuela de Fitotecnia, _c1989 |
||
| 300 | _a60 h. | ||
| 500 | _a36-51 | ||
| 502 | _aTesis (Ing. Agr. Fitotecnista) -- Universidad Popular Autónoma del Estado de Puebla. Escuela de Fitotecnia | ||
| 590 |
_aALEPH _b10 _c20130110 _lUCH01 _h1205 |
||
| 590 |
_aBATCH-UPD _b10 _c20130110 _lUCH01 _h1601 |
||
| 590 |
_aBATCH-UPD _b10 _c20130410 _lUCH01 _h0958 |
||
| 590 |
_aBATCH-UPD _b10 _c20130914 _lUCH01 _h1558 |
||
| 590 |
_aCONVERSION _b10 _c20130109 _lUCH01 _h1302 |
||
| 650 | 1 | 4 |
_aGypsophila paniculata. _952060 |
| 650 | 1 | 4 |
_aPropagación de plantas. _992417 |
| 901 | _aBK | ||
| 942 | _cFOLL | ||
| 949 |
_bBC _cTES _d-9938 _eTS1 _h22519 _i491 _si |
||
| 949 |
_bBC _cTES _d33724000593059 _eTS2 _fc.2 _h32312 _i491 _si |
||
| 999 |
_c343 _d343 |
||